| 000 | 00804nam a2200241Ia 4500 | ||
|---|---|---|---|
| 003 | OSt | ||
| 005 | 20240920150412.0 | ||
| 008 | 220927b |||||||| |||| 00| 0 eng d | ||
| 020 |
_c10000 _a9788131103432 |
||
| 037 |
_b1742, 14/02/2012, Kiran Book Service _cTextual |
||
| 040 |
_aSDCL _cSDCL _beng |
||
| 041 |
_2eng _aeng |
||
| 082 | _aΣ:fk Q1.9 RR | ||
| 100 |
_aAgarwal, Chetan _9431042 |
||
| 245 | 0 | _aEncyclopaedia of research methodology. | |
| 260 |
_aNew Delhi : _bCommonwealth Publishers, _c2011. |
||
| 300 | _av,283p. | ||
| 490 | _vVolume 9: Research methodology in history | ||
| 650 |
_aHindi _9391598 |
||
| 700 | _a Sharma Vijay | ||
| 942 |
_hΣ:fk Q1.9 RR _cREF _2CC |
||
| 999 |
_c747473 _d747473 |
||